Principles of weed science: A reference cum textbook (Record no. 39825)

MARC details
000 -LEADER
fixed length control field 00353nam a2200133Ia 4500
082 ## - DEWEY DECIMAL CLASSIFICATION NUMBER
Classification number 632.51
Item number RAO
100 ## - MAIN ENTRY--AUTHOR NAME
Personal name RAO, V S
245 #0 - TITLE STATEMENT
Title Principles of weed science: A reference cum textbook
260 ## - PUBLICATION, DISTRIBUTION, ETC. (IMPRINT)
Place of publication New Delhi
Name of publisher Oxford & IBH
Year of publication 1983
650 ## - SUBJECT ADDED ENTRY--TOPICAL TERM
Topical Term Weed control
650 ## - SUBJECT ADDED ENTRY--TOPICAL TERM
Topical Term Weed science
942 ## - ADDED ENTRY ELEMENTS (KOHA)
Koha item type Books
Holdings
Withdrawn status Lost status Damaged status Not for loan Home library Current library Date acquired Full call number Accession Number Koha item type
        RRII Library RRII Library 16/12/2021 632.51 RAO 20143 Books